书目信息 |
| 题名: |
城市应急手册
|
|
| 作者: | 冯小晏 编著 | |
| 分册: | ||
| 出版信息: | 长春 时代文艺出版社 2011.02 |
|
| 页数: | 272页 | |
| 开本: | 24cm | |
| 丛书名: | ||
| 单 册: | ||
| 中图分类: | X925-62 | |
| 科图分类: | ||
| 主题词: | 安全教育--手册 , 安全教育 | |
| 电子资源: | ||
| ISBN: | 978-7-5387-3405-8 | |
| 000 | 00839nam0 2200253 45 | |
| 001 | 1356802078 | |
| 005 | 20130514155853.00 | |
| 010 | @a978-7-5387-3405-8@dCNY35.00@z7-5387-3405-8 | |
| 100 | @a20130108d2011 em y0chiy0110 ea | |
| 101 | 0 | @achi |
| 102 | @aCN@b220000 | |
| 105 | @aa z 000yy | |
| 106 | @ar | |
| 200 | 1 | @a城市应急手册@ACheng Shi Ying Ji Shou Ce@f冯小晏编著@FFeng Xiao Yan Bian Zhu |
| 210 | @a长春@c时代文艺出版社@d2011.02 | |
| 215 | @a272页@c图@d24cm | |
| 300 | @a一本生活在城市中的人们必备的救命书 | |
| 330 | @a本书共分九章,内容包括:公共场所的防护和自救;交通危险;室内危险;人为威胁;动物伤害;自然灾害;游乐伤害等。 | |
| 606 | 0 | @a安全教育@j手册 |
| 606 | 0 | @a安全教育 |
| 690 | @aX925-62@v5 | |
| 701 | 0 | @a冯小晏@AFeng Xiao Yan@4编著 |
| 801 | @aCN@bTANGWEI@c20130108 | |
| 905 | @b0829611-15@dX925-62@e7@f5 | |
| 城市应急手册/冯小晏编著.-长春:时代文艺出版社,2011.02 |
| 272页:图;24cm |
| 一本生活在城市中的人们必备的救命书 |
| ISBN 978-7-5387-3405-8:CNY35.00 |
| 本书共分九章,内容包括:公共场所的防护和自救;交通危险;室内危险;人为威胁;动物伤害;自然灾害;游乐伤害等。 |
| ● |
| 相关链接 |
|
|
|
|
正题名:城市应急手册
索取号:X925-62/7
 
预约/预借
| 序号 | 登录号 | 条形码 | 馆藏地/架位号 | 状态 | 备注 |
| 1 | 0829611 | 208296119 | 第二样本阅览室/ [索取号:X925-62/7] | 在馆 | |
| 2 | 0829612 | 208296128 | 第三借阅区/ [索取号:X925-62/7] | 在馆 | |
| 3 | 0829613 | 208296137 | 第三借阅区/ [索取号:X925-62/7] | 在馆 | |
| 4 | 0829614 | 208296146 | 第三借阅区/ [索取号:X925-62/7] | 在馆 | |
| 5 | 0829615 | 208296155 | 第三借阅区/ [索取号:X925-62/7] | 在馆 |